Historia de la República del Perú : (Record no. 6603)
[ view plain ]
| 000 -CABECERA | |
|---|---|
| fixed length control field | 00984nam a22002537a 4500 |
| 003 - IDENTIFICADOR DEL NÚMERO DE CONTROL | |
| control field | AR-CdUCM |
| 008 - DATOS DE LONGITUD FIJA--INFORMACIÓN GENERAL | |
| fixed length control field | 190318b ||||| |||| 00| 0 spa d |
| 040 ## - FUENTE DE LA CATALOGACIÓN | |
| Agencia/entidad que catalogó originalmente la obra | MUNICIPALIDAD PROVINCIAL DEL CUSCO |
| Entidad que transcribió la catalogación | BIBLIOTECA MUNICIPAL DEL CUSCO |
| 082 ## - NÚMERO DE LA CLASIFICACIÓN DECIMAL DEWEY | |
| No. de la edición | 8ed. |
| No. de Clasificación | 985.83 / |
| Notacion interna | B24 |
| 100 ## - ENTRADA PRINCIPAL--NOMBRE DE PERSONA | |
| Nombre Personal | Basadre, Jorge |
| 245 ## - MENCIÓN DE TÍTULO | |
| Título | Historia de la República del Perú : |
| Resto del título | 1822 - 1933 / |
| 260 ## - PUBLICACIÓN, DISTRIBUCIÓN, ETC. | |
| Lugar de publicación, distribución, etc. | Chiclayo : |
| Nombre de la editorial, distribuidor, etc. | Fundación Telefónica, |
| Fecha de publicación, distribución, etc. | 2000 |
| 300 ## - DESCRIPCIÓN FÍSICA | |
| Otros detalles físicos | 28 cm. |
| Dimensiones | Ilustraciones |
| 440 ## - MENCIÓN DE SERIE/PUNTO DE ACCESO ADICIONAL--TÍTULO | |
| Número de la parte/sección de una obra | 1 |
| 9 (RLIN) | 9124 |
| 505 ## - NOTA DE CONTENIDO CON FORMATO | |
| Nota de contenido formateada | Contenido :8va edición de la Historia de la República del Perú entre los años 1822 - 1933 , por el historiador Jorge Basadre, consta de 16 tomos, T.11: Historia de la república de Perú -- Jorge Basadre... |
| 650 ## - PUNTO DE ACCESO ADICIONAL DE MATERIA--TÉRMINO DE MATERIA | |
| Descriptor | Historia del Perú |
| 9 (RLIN) | 259 |
| 650 ## - PUNTO DE ACCESO ADICIONAL DE MATERIA--TÉRMINO DE MATERIA | |
| Descriptor | Perú Republicano |
| 9 (RLIN) | 7837 |
| 650 ## - PUNTO DE ACCESO ADICIONAL DE MATERIA--TÉRMINO DE MATERIA | |
| Descriptor | Independencia |
| 9 (RLIN) | 625 |
| 650 ## - PUNTO DE ACCESO ADICIONAL DE MATERIA--TÉRMINO DE MATERIA | |
| Descriptor | Jorge Basadre |
| 9 (RLIN) | 200 |
| 650 ## - PUNTO DE ACCESO ADICIONAL DE MATERIA--TÉRMINO DE MATERIA | |
| Descriptor | Presidentes del Perú |
| 9 (RLIN) | 2236 |
| 710 ## - PUNTO DE ACCESO ADICIONAL--NOMBRE DE ENTIDAD CORPORATIVA | |
| Nombre corporativo (En letras Mayúsculas) | La República |
| 9 (RLIN) | 18584 |
| 942 ## - ELEMENTOS DE PUNTO DE ACCESO ADICIONAL (KOHA) | |
| Fuente de clasificación | |
| Tipo de item | Libros-BMC |
| 945 ## - PROCESAMIENTO DE INFORMACIÓN LOCAL (OCLC) | |
| Catalogador | dmma |
| Estado de retiro (separado) | Fuente de clasificación o esquema de estanterías | Estado dañado | Ubicación | Sala donde se ubica | Nombre de la colección | Fecha de adquisición o compra | Costo, precio normal en soles | Signatura topográfica | Código de Barras | Última vez visto (Koha) | Tipo de ítem (Koha) |
|---|---|---|---|---|---|---|---|---|---|---|---|
| No | Sala Humanidades | Sala Humanidades | Book Cart | 2019-03-18 | 40.00 | 086.985 / B24 / t.1 | SH0000007708 | 2019-03-18 | Libros-BMC | ||
| No | Sala Humanidades | Sala Humanidades | Book Cart | 2019-03-18 | 40.00 | 086.985 / B24 / t.14 | SH0000007709 | 2019-03-18 | Libros-BMC | ||
| No | Sala Humanidades | Sala Humanidades | Book Cart | 2019-03-18 | 40.00 | 086.985 / B24 / t.15 | SH0000007710 | 2019-03-18 | Libros-BMC | ||
| No | Sala Humanidades | Sala Humanidades | Book Cart | 2019-03-18 | 40.00 | 086.985 / B24 / t.2 | SH0000007711 | 2019-03-18 | Libros-BMC | ||
| No | Sala Humanidades | Sala Humanidades | Book Cart | 2019-03-18 | 40.00 | 086.985 / B24 / t.16 | SH0000007712 | 2019-03-18 | Libros-BMC | ||
| No | Sala Humanidades | Sala Humanidades | Book Cart | 2019-03-18 | 40.00 | 086.985 / B24 / t.11 | SH0000007758 | 2019-03-18 | Libros-BMC | ||
| No | Sala Humanidades | Sala Humanidades | Book Cart | 2019-03-18 | 40.00 | 086.985 / B24 / t.13 | SH0000007759 | 2019-03-18 | Libros-BMC | ||
| No | Sala Humanidades | Sala Humanidades | Book Cart | 2019-03-18 | 40.00 | 086.985 / B24 / t.12 | SH0000007760 | 2019-03-18 | Libros-BMC | ||
| No | Sala Humanidades | Sala Humanidades | Book Cart | 2019-03-18 | 40.00 | 086.985 / B24 / t.10 | SH0000007761 | 2019-03-18 | Libros-BMC | ||
| No | Sala Humanidades | Sala Humanidades | Book Cart | 2019-03-18 | 40.00 | 086.985 / B24 / t.9 | SH0000007762 | 2019-03-18 | Libros-BMC | ||
| No | Sala Humanidades | Sala Humanidades | Book Cart | 2019-03-18 | 40.00 | 086.985 / B24 / t.8 | SH0000007763 | 2019-03-18 | Libros-BMC | ||
| No | Sala Humanidades | Sala Humanidades | Book Cart | 2019-03-18 | 40.00 | 086.985 / B24 / t.7 | SH0000007764 | 2019-03-18 | Libros-BMC | ||
| No | Sala Humanidades | Sala Humanidades | Book Cart | 2019-03-18 | 40.00 | 086.985 / B24 / t.6 | SH0000007765 | 2019-03-18 | Libros-BMC | ||
| No | Sala Humanidades | Sala Humanidades | Book Cart | 2019-03-18 | 40.00 | 086.985 / B24 / t.5 | SH0000007766 | 2019-03-18 | Libros-BMC | ||
| No | Sala Humanidades | Sala Humanidades | Book Cart | 2019-03-18 | 40.00 | 086.985 / B24 / t.4 | SH0000007767 | 2019-03-18 | Libros-BMC | ||
| No | Sala Humanidades | Sala Humanidades | Book Cart | 2019-03-18 | 40.00 | 086.985 / B24 / t.3 | SH0000007768 | 2019-03-18 | Libros-BMC |